000 00641nam a2200145 i 4500
001 163050
003 ES-MaACL
005 20230906212647.0
008 170830s1842 sp |||| | spa d
245 0 0 _aRelación justificada de los más señalados méritos contraídos por el director general de prisiones don José Puidullés durante los 41 años que cuenta de servicios.
260 _aMadrid :
_b[s.n.],
_c (
_fEstab. tip. calle del Sordo, n. 11)
300 _a[1] h. pleg., 19 p. ;
_c18 cm.
600 1 4 _aPuidullés, José.
_9163554
852 4 _aES-MaACL
_jT-20-F-10
_z- Enc. hol., falto de cub. original
_z- Enc. en un vol. facticio
999 _c163050
_d163050